Animal Alphabet 17 - Statistics

General Stats
  • This quiz has been taken 22 times
  • The average score is 24 of 26
Answer Stats
Picture Hint Answer % Correct
B Baboon
100%
E Elephant
100%
F Flamingo
100%
G Gazelle
100%
H Hyena
100%
L Leopard
100%
P Peacock
100%
R Rhinoceros
100%
S Serval
100%
C Crocodile
94%
D Duck
94%
I Impala
94%
O Oryx
94%
Q Queen Bee
94%
T Tiger
94%
A Antelope
88%
K Kookaburra
88%
M Meerkat
88%
V Viper
88%
Y Yak
88%
Z Zebra
88%
J Jerboa
81%
N Nyala
81%
W Wildebeest
75%
U Uromastyx
69%
X Xerus
69%
No matching quizzes found
Score Distribution
Percent of People with Each Score
Percentile by Number Answered
Your Score History
You have not taken this quiz